[Event "Ostersund Storsjodraget op"]
[Site "Ostersund"]
[Date "2024.06.16"]
[Round "6"]
[White "Adolfsson, Daniel"]
[Black "Kuburovic, Vladimir"]
[Result "1-0"]
[WhiteElo "1824"]
[BlackElo "1709"]
[PlyCount "160"]
[EventDate "2024.06.14"]
[EventType "swiss"]
[EventRounds "7"]
[EventCountry "SWE"]
[SourceTitle "CBM 220 Extra"]
[Source "ChessBase"]
[SourceDate "2024.07.31"]
[SourceVersion "1"]
[SourceVersionDate "2024.07.31"]
[SourceQuality "1"]

1. f4 e5 2. fxe5 d6 3. e4 dxe5 4. Nc3 Bc5 5. Qf3 Nc6 6. Bc4 Nf6 7. Nge2 Bg4 8. Qg3 Qd7 9. h3 Bxe2 10. Bxe2 Rg8 11. Rf1 Ke7 12. Bc4 Rae8 13. Rf5 Kd8 14. d3 h6 15. Be3 Bxe3 16. Qxe3 Nd4 17. Rf2 a6 18. Nd5 b5 19. Nxf6 gxf6 20. Bb3 Rg6 21. c3 Nxb3 22. axb3 Re6 23. Rd2 Rd6 24. Rad1 f5 25. exf5 Qxf5 26. Rf2 Qg5 27. Qxg5+ Rxg5 28. g4 Ke7 29. Kd2 e4 30. d4 c5 31. Rdf1 Rg7 32. Ke3 cxd4+ 33. cxd4 Re6 34. Rf5 f6 35. Rc5 Rg5 36. Rff5 Kd6 37. b4 Kd7 38. b3 Ke7 39. Rc7+ Ke8 40. Rh7 Rg6 41. Rc5 Kd8 42. Rh8+ Kd7 43. Rh7+ Re7 44. Rxe7+ Kxe7 45. Kxe4 Kd6 46. Kf4 Ke6 47. Ke3 Kd6 48. Ke4 Rg8 49. Rd5+ Ke6 50. Rh5 Rc8 51. Rc5 Re8 52. d5+ Kd6+ 53. Kd4 Re1 54. Rc6+ Kd7 55. Rxf6 Rd1+ 56. Kc5 Rc1+ 57. Kb6 Rc3 58. Rxh6 Rxb3 59. Kxa6 Rxb4 60. Kb6 Rb1 61. Kc5 b4 62. Rh7+ Ke8 63. Kd6 b3 64. Rb7 b2 65. g5 Kf8 66. h4 Rh1 67. Rxb2 Rxh4 68. Ke6 Re4+ 69. Kf6 Rf4+ 70. Kg6 Ke7 71. Rd2 Kd6 72. Kg7 Re4 73. g6 Kd7 74. d6 Re3 75. Kg8 Re8+ 76. Kf7 Re3 77. g7 Rf3+ 78. Kg8 Rg3 79. Rf2 Kxd6 80. Kf7 Kd5 1-0